Piosenki Eltona Johna - Nagła Śmierć - Statystyki

Ogólne statystyki
  • Ten quiz został rozwiązany 56 razy
  • Średni wynik to 6 z 20
Answers on the Grid
Answers color-coded by a green-red scale on the quiz's grid according to % correct below.
A Whole New World
Alligator Boogie
Bennie And The Jets
Boston Liberty
Can You Feel The Love Tonight
Candle In The Wind
Circle Of Life
Crocodile Rock
Dancing In The Streets
Daniel
Don't Let The Sun Go Down On Me
Don’t Go Breaking My Heart
Ebony and Ivory
Goodbye Yellow Brick Road
Honky Cat
I Guess That's Why They Call It The Blues
I’m Still Standing
Life On Mars?
Nikita
Over The Rainbow
Penny Lane
Philadelphia Freedom
Piano Man
Queen of Hearts
Respect
Rocket Man
Sacrifice
Saturday Night’s Alright (For Fighting)
Sir Reginald
Sorry Seems To Be The Hardest Word
Tantrums and Tiaras
Tiny Dancer
Your Song
 
Statystyki odpowiedzi
Odpowiedź % Poprawnych
Crocodile Rock
57%
I’m Still Standing
54%
Can You Feel The Love Tonight
49%
Rocket Man
49%
Don’t Go Breaking My Heart
46%
Candle In The Wind
41%
Sacrifice
41%
Tiny Dancer
32%
Goodbye Yellow Brick Road
27%
Your Song
27%
Circle Of Life
24%
Nikita
24%
Don't Let The Sun Go Down On Me
22%
Sorry Seems To Be The Hardest Word
22%
Bennie And The Jets
14%
Honky Cat
14%
I Guess That's Why They Call It The Blues
14%
Saturday Night’s Alright (For Fighting)
14%
Daniel
11%
Philadelphia Freedom
3%
Nie znaleziono quizów pasujących do podanych kryteriów
Rozkład punktacji
Procent ludzi z każdym wynikiem
Percentyl według liczby udzielonych odpowiedzi
Twoja historia wyników
Nie rozwiązałeś tego quizu